S33 駅名クイズ - 近江鉄道 ver. - Statistics

General Stats
  • This quiz has been taken 12 times
  • The average score is 21 of 35
Answer Stats
Number Answer % Correct
OR04 彦根
89%
OR15 八日市
89%
OR37 貴生川
89%
OR15 八日市
89%
OR01 米原
78%
OR07 高宮
78%
OR32 日野
78%
OR07 高宮
78%
OR08 スクリーン
78%
OR09 多賀大社前
78%
OR16 新八日市
78%
OR21 近江八幡
78%
OR05 ひこね芹川
67%
OR11 豊郷
67%
OR34 水口
67%
OR03 鳥居本
56%
OR06 彦根口
56%
OR10 尼子
56%
OR28 京セラ前
56%
OR31 朝日野
56%
OR33 水口松尾
56%
OR35 水口石橋
56%
OR36 水口城南
56%
OR02 フジテック前
44%
OR12 愛知川
44%
OR13 五箇荘
44%
OR14 河辺の森
44%
OR29 桜川
44%
OR17 太郎坊宮前
44%
OR20 武佐
44%
OR26 長谷野
33%
OR27 大学前
33%
OR18 市辺
33%
OR19 平田
33%
OR30 朝日大塚
22%
No matching quizzes found
Score Distribution
Percent of People with Each Score
Percentile by Number Answered
Your Score History
You have not taken this quiz